Movies Quiz

Random Movies or Quote Quiz

FLICKS OF THE MILLENIUM: 2002! Quiz Stats

 Plays Quiz not verified by Sporcle

Challenge
Share
Tweet
Embed
Score 0/30 Timer 10:00
0 Plays Today
QUOTE FILM % Correct
I want Bourne in a body-bag by sun-down. The Bourne Identity
88.7%
You have a knack for saving my life. I think I have a superhero stalker. Spider-Man
69.2%
There are two kinds of people - Greeks, and everyone else who wish they was Greek. My Big Fat Greek Wedding
54.1%
First she steals my publicity. Then she steals my lawyer, my trial date. And now she steals my goddamn garter. Chicago
33.8%
I spent the last 12 years of my life building rooms like this specifically to keep out people like us.Panic Room
30.1%
What are you doing with your life that's so great, Rabbit? 8 Mile
22.6%
Well hell's bells, if it ain't Felony Melanie. Sweet Home Alabama
21.1%
So, what was on this tape? The Ring
19.5%
I didn't ask to be good at football, Gura Nanak must have blessed me. Bend It Like Beckham
15.8%
Dear Dad, you told me an honest man has no fear, so I'm trying hard not to be afraid. Catch Me If You Can
14.3%
Move, children. Vamanos. Signs
13.5%
When you kill a king, you don't stab him in the dark. You kill him where the entire court can watch him die. Gangs of New York
12.8%
When I told them I had no idea where Count Spada hid his treasure, I lied. The Count of Monte Cristo
12%
I am an island. I am bloody Ibiza! About A Boy
11.3%
I am a sexy beast. Austin Powers in Goldmember
11.3%
QUOTE FILM % Correct
That is what we do. That is what people do. They stay alive for each other. The Hours
10.5%
Having an affair is nothing like taking a pottery class. Unfaithful
6.8%
Crazy kids with their crazy VDs. Van Wilder
6%
I've eaten things that didn't complain this much. Ice Age
6%
She looks so peaceful when she's sleeping... Like a doll. Two Weeks Notice
6%
You're the only boy who makes my heart beat faster and slower at the same time. The Hot Chick
4.5%
You can pass off two dates without a kiss as being old fashioned - you go three and you're a homo. 40 Days and 40 Nights
4.5%
Natural law. Sons are put on this earth to trouble their fathers. Road to Perdition
4.5%
I can't run a company... I can't even run my own life! Mr. Deeds
4.5%
Don't go looking for Mr. Right. Look for Mr. Right Now. The Sweetest Thing
3.8%
I have to know. I have to find out what happened to my life. Minority Report
3%
This is more embarrassing than the time you started cleaning your beans at Don Knotts' Christmas party. Scooby-Doo
3%
Time to face gravity. Die Another Day
1.5%
I don't know if there is anything wrong because I don't know how other people are. Punch-Drunk Love
1.5%
For the first time in my life I felt beautiful. Finally part of the earth. I touched the soil and he loved me back. Secretary
0.8%

You're not logged in!

Compare scores with friends on all Sporcle quizzes.
Join for Free
OR
Log In

You Might Also Like...

Show Comments

Extras

Top Quizzes Today


Score Distribution

Your Account Isn't Verified!

In order to create a playlist on Sporcle, you need to verify the email address you used during registration. Go to your Sporcle Settings to finish the process.

Report this User

Report this user for behavior that violates our Community Guidelines.

Details: